Los Sindicatos frente a los procesos de transición política /
Guardado en:
| Hovedforfatter: | |
|---|---|
| Autores Corporativos: | , |
| Format: | Texto |
| Udgivet: |
Buenos Aires:
CLACSO
|
| Fag: | |
| Tags: |
Tilføj Tag
Ingen Tags, Vær først til at tagge denne postø!
|
MARC
| LEADER | 00000 a a2200000 04500 | ||
|---|---|---|---|
| 001 | 26666 | ||
| 003 | |||
| 040 | |||
| 090 | |a 149301 | ||
| 100 | |a Garza Toledo, Enrique de la | ||
| 110 | |a CLACSO | ||
| 245 | |a Los Sindicatos frente a los procesos de transición política / |c CLACSO | ||
| 260 | |a Buenos Aires: |b CLACSO | ||
| 300 | |a 223 p |b **no definido** | ||
| 500 | |a Disponible en Cd, No. 194113 | ||
| 650 | |a SINDICATOS | ||
| 650 | |a DESARROLLO POLITICO | ||
| 650 | |a DICTADURAS | ||
| 650 | |a DEMOCRATIZACION | ||
| 650 | |a ESTADO | ||
| 650 | |a RELACIONES LABORALES | ||
| 650 | |a ESTRUCTURA DEL EMPLEO | ||
| 650 | |a ZONAS URBANAS | ||
| 710 | |a Agencia Sueca de Desarrollo Internacional |a ASDI | ||
| 999 | |c 13452 |d 13452 | ||
